Direito Administrativo Ideal para Provas e Concursos /

Detalles Bibliográficos
Autor principal: Garcia, Wander
Formato: eBook
Lenguaje:portugués
Publicado: San Pablo: Editora Foco, 2019
Materias:
Acceso en línea:Acceso restringido

MARC

LEADER 00000nam a22000007a 4500
005 20211004224854.0
007 cr|||| ||||
008 211004s2019 br |||||s|||| 00||0 por d
020 |a 978-85-8242-324-0 
035 |a 35170 
040 |a vLex 
090 |c 12489  |d 12489 
100 1 |a Garcia, Wander 
245 1 0 |a Direito Administrativo  |h [Recurso electrn̤ico] :  |b Ideal para Provas e Concursos /  |c Wander Garcia 
256 |a Servicio en ln̕ea 
260 |a San Pablo:  |b Editora Foco,  |c 2019 
300 |a 1 recurso electrn̤ico 
506 1 |a Disponible solo en los productos indicados  |d vLex Global  |d vLex Global (Academic Edition, excluding Law Schools)  |d vLex Global (U.S. Academic Edition, Law Schools)  |d vLex Global (U.S. Academic Edition, excluding Law Schools)  |d vLex Global (Academic Edition, Law Schools) 
650 0 4 |a Derecho Pb︢lico y Administrativo  |z Brasil 
740 0 |a vLex Libros (Servicio en ln̕ea) 
856 4 0 |u https://app.vlex.com/#/sources/35170  |z Acceso restringido 
942 |c BOOK 
999 0 |a Public and Administrative Law